000
00263nam a2200121Ia 4500
100
_a
Nadkarni/S.V
942
_c
BK
654
_a
arc
245
_a
Modern Arc welding technology
260
_b
Advani Derlikon
_a
New Delhi
_c
1992
300
_a
976
546
_a
ENGLISH
999
_c
18363
_d
18363